000 00483nam a2200181Ia 4500
008 240925s9999 xx 000 0 und d
020 _a9780743269513
082 _a158 COV
100 _aCovey, Stephen R.
245 4 _aThe 7 Habits of the Highly Effective People
250 _aNA
260 _aNew York:
_bFree Press
_c,1989.
300 _axi,373p.
_bN.A
_fOriginal
500 _aIncludes Index
600 _aHumanities & Natural Science
650 _aPsychology
942 _cBK
999 _c10440
_d10440